Loading...
| Science - Chemistry | 4 | 5 | 1 | 1 | 105 | 64 | 83.22 | 4 | 8 | 26.50 | 56.20 |
| Science - Biology | 3 | 4 | 2 | 1 | 75 | 44 | 80.86 | 4 | 6 | 24.14 | 49.78 |
| Science - Physics | 1 | 6 | 0 | 0 | 75 | 16 | 93.43 | 1 | 3 | 21.60 | 50.14 |
| Religion | 2 | 0 | 1 | 0 | 25 | 58 | 68.00 | 1 | 2 | 8.27 | 13.81 |
| Other Science (Math) | 0 | 2 | 0 | 1 | 20 | 131 | 136.00 | 0 | 0 | 0.15 | 18.57 |
| Social Science | 1 | 0 | 0 | 0 | 15 | 58 | 58.00 | 1 | 1 | 4.12 | 7.14 |
| Fine Arts - Other Arts | 0 | 1 | 0 | 0 | 10 | 154 | 154.00 | 0 | 1 | 0.00 | 0.48 |
| Other Science (Earth Science) | 0 | 1 | 0 | 0 | 10 | 96 | 96.00 | 0 | 1 | 12.00 | 25.64 |
| Other Science (Mixed/Any) | 0 | 1 | 0 | 0 | 10 | 94 | 94.00 | 0 | 0 | 33.80 | 50.00 |
| Philosophy | 0 | 1 | 0 | 1 | 10 | 148 | 148.00 | 0 | 0 | 0.10 | 1.43 |
| Other Science (Computer Science) | 0 | 1 | 0 | 0 | 10 | 78 | 78.00 | 0 | 1 | 9.27 | 20.83 |
| History - American | 0 | 1 | 0 | 0 | 10 | 84 | 84.00 | 0 | 1 | 2.38 | 5.71 |
| Literature - British | 0 | 1 | 0 | 0 | 10 | 124 | 124.00 | 0 | 0 | 1.50 | 4.40 |
| Literature - World | 0 | 1 | 0 | 0 | 10 | 137 | 137.00 | 0 | 0 | 0.30 | 4.95 |
| Modern World | 0 | 1 | 0 | 0 | 10 | 95 | 95.00 | 0 | 1 | 5.12 | 13.10 |
| Other Science (Astronomy) | 0 | 1 | 0 | 0 | 10 | 134 | 134.00 | 0 | 1 | 1.09 | 43.33 |
| History - World | 0 | 1 | 1 | 0 | 5 | 96 | 96.00 | 0 | 1 | 2.48 | 6.12 |
| History - European | 0 | 1 | 1 | 0 | 5 | 135 | 135.00 | 0 | 0 | 0.96 | 5.24 |
| Other Academic | 0 | 0 | 0 | 0 | 0 | 0.00 | 0 | 0 | 0.00 | 0.00 | |
| Mythology | 0 | 0 | 1 | 0 | -5 | 0.00 | 0 | 0 | 0.00 | 0.00 |